000 01469nam a2200265 i 4500
003 DO-SdBNP
005 20240520093330.0
006 a||||br|||| 00| 0
007 ta
008 240520e1984 dr aobc| |||| 00| 0 spa d
040 _aDO-SdBNP
_bspa
_cBNPHU
_erda
082 4 _222
_bL793e, 1984
100 1 _aLluberes, Andrea Mercedes,
_942865
_eautor
245 1 0 _aEstudios sociales 4º:
_beducación primaria /
_cAndrea Mercedes Lluberes; dibujos, Juan Soto y Liliana Pérez; fotografías, Rafael Rodríguez.
250 _a4ta edición.
264 1 _aSanto Domingo :
_bDisesa,
_c1984
300 _a146 páginas :
_bilustraciones, fotografías, mapas, retratos ;
_c26 cm.
336 _2rdacontent
_atexto
_btxt
337 _2rdamedia
_asin mediación
_bn
338 _2rdacarrier
_avolumen
_bnc
500 _aEste libro ha sido aprobado y recomendado por la Secretaría de Estado de Educación, Bellas Artes y cultos, mediante oficio No. 189 de fecha 29 de diciembre de 1982, para ser usado como texto básico para el 4to. Curso de la Educación Primaria.
505 _aUnidad I: La Tierra, Nuestro Planeta.-- Unidad 2: La República Dominicana y sus características Económicas.-- Unidad 3: La Vida en Santo Domingo Durante el Descubrimiento. Conquista y colonización.-- Unidad 4: Nacimiento, Formación y Evolución de Nuestra patria.-- Unidad 5: Seamos Buenos Dominicanos.-- Unidad 6: Actividades del Hombre.
590 _aInventariado 2024 / MF
942 _2ddc
_cLBS1
999 _c56697
_d56697